Quản lý phát triển đội ngũ giáo viên Trung học Phổ thông các tỉnh đồng bằng sông Cửu Long theo hướng chuẩn hóa Luận án tiến sĩ quản lý giáo dục. Chuyên ngành: Quản lý giáo dục. Mã số: 62.14.05.01

Đã lưu trong:
书目详细资料
主要作者: Phạm, Minh Giản
其他作者: Lê, Vân Anh (Hướng dẫn), Đặng, Bá Lâm (Hướng dẫn)
格式: 工具包 图书
语言:Vietnamese
出版: Hà Nội 2012
主题:
标签: 添加标签
没有标签, 成为第一个标记此记录!
Thư viện lưu trữ: Trung tâm Học liệu Lê Vũ Hùng, Trường Đại học Đồng Tháp
LEADER 03523ppm a22003258a 4500
001 00031328
005 20190118100126.0
008 131128s2012 ||||||viesd
020 |c 32000 
041 0 # |a vie 
082 1 4 |a 371.1  |b QU105L 
100 1 # |a Phạm, Minh Giản 
245 1 0 |b Luận án tiến sĩ quản lý giáo dục. Chuyên ngành: Quản lý giáo dục. Mã số: 62.14.05.01  |a Quản lý phát triển đội ngũ giáo viên Trung học Phổ thông các tỉnh đồng bằng sông Cửu Long theo hướng chuẩn hóa  |c Phạm Minh Giản; Đặng Bá Lâm, Lê Vân Anh (hướng dẫn) 
260 # # |a Hà Nội  |c 2012 
300 # # |e bản tóm tắt  |a 216 tr.+phụ lục  |c 24 cm.  |b bảng biểu 
500 # # |a ĐTTTS ghi: Bộ giáo dục và đào tạo. Viện Khoa học Giáo dục Việt Nam 
653 # # |a Luận án 
653 # # |a Giáo dục 
653 # # |a Quản lý giáo dục 
653 # # |a Đồng bằng sông Cửu Long 
653 # # |a Trung học phổ thông 
653 # # |a Quản lý phát triển 
700 1 # |a Lê, Vân Anh  |e Hướng dẫn 
700 1 # |a Đặng, Bá Lâm  |e Hướng dẫn 
852 # # |b Kho giáo trình  |j KGT.0037848, KGT.0037849, KGT.0037850, KGT.0037851, KGT.0037852, KGT.0037853, KGT.0037854, KGT.0037855, KGT.0037856, KGT.0037857, KGT.0037858, KGT.0037859, KGT.0037860, KGT.0037861, KGT.0037862, KGT.0037863, KGT.0037864, KGT.0037865, KGT.0037866, KGT.0037867, KGT.0037868, KGT.0037869, KGT.0037870, KGT.0037871, KGT.0037872, KGT.0037873, KGT.0037874, KGT.0037875, KGT.0037876, KGT.0037877, KGT.0037878, KGT.0037879, KGT.0037880, KGT.0037881, KGT.0037882, KGT.0037883, KGT.0037884, KGT.0037885, KGT.0037886, KGT.0037887, KGT.0037888, KGT.0037889, KGT.0037890, KGT.0037891, KGT.0037892, KGT.0037893, KGT.0037894, KGT.0037895, KGT.0037896, KGT.0037897, KGT.0037898, KGT.0037899, KGT.0037900, KGT.0037901, KGT.0037902, KGT.0037903, KGT.0037904, KGT.0037905, KGT.0037906, KGT.0037907, KGT.0037908, KGT.0037909, KGT.0037910, KGT.0037911, KGT.0037912, KGT.0037913, KGT.0037914, KGT.0037915, KGT.0037916, KGT.0037917, KGT.0037918, KGT.0037919, KGT.0037920, KGT.0037921, KGT.0037922, KGT.0037923, KGT.0037924, KGT.0037925, KGT.0037926, KGT.0037927, KGT.0037928, KGT.0037929, KGT.0037930, KGT.0037931, KGT.0037932, KGT.0037933, KGT.0037934, KGT.0037935, KGT.0037936, KGT.0037937, KGT.0037938, KGT.0037939, KGT.0037940, KGT.0037941, KGT.0037942, KGT.0037943, KGT.0037944, KGT.0037945, KGT.0037946, KGT.0037947, KGT.0037948, KGT.0037949, KGT.0037950, KGT.0037951, KGT.0037952, KGT.0037953, KGT.0037954, KGT.0037955, KGT.0037956, KGT.0037957, KGT.0037958, KGT.0037959, KGT.0037960, KGT.0037961, KGT.0037962, KGT.0037963, KGT.0037964, KGT.0037965, KGT.0037966, KGT.0037967, KGT.0037968, KGT.0037969, KGT.0037970, KGT.0037971, KGT.0037972, KGT.0037973, KGT.0037974, KGT.0037975, KGT.0037976, KGT.0037977, KGT.0037978, KGT.0037979, KGT.0037980, KGT.0037981, KGT.0037982, KGT.0037983, KGT.0037984, KGT.0037985, KGT.0037986, KGT.0037987, KGT.0037988, KGT.0037989, KGT.0037990, KGT.0037991, KGT.0037992, KGT.0037993, KGT.0037994, KGT.0037995, KGT.0037996, KGT.0037997, KGT.0037998, KGT.0037999, KGT.0038000, KGT.0038001 
852 # # |j LA.0000034 
852 # # |b Kho đọc SĐH  |j LA.0000034 
852 # # |b Kho đọc  |j KD.0014572, KD.0014583 
910 # # |d 28/11/2013  |e nhnam  |f 18/01/2019 
980 # # |a Trung tâm Học liệu Lê Vũ Hùng, Trường Đại học Đồng Tháp